[Event "100 Jahre Schvgg Blankenese - Open 2023"]
[Site "Lise-Meitner-Gymnasium (HH)"]
[Date "2023.10.01"]
[Round "4.25"]
[White "Wang, Kaiwen"]
[Black "Lau, Felix"]
[Result "0-1"]
[WhiteElo "1558"]
[BlackElo "1857"]
[PlyCount "102"]
[EventDate "2023.09.30"]
[EventType "swiss"]
[EventRounds "7"]
[WhiteTeam "Hamburger SK von 1830 eV"]
[BlackTeam "SchVgg Blankenese von 1923 e.V."]

1. e4 e6 2. d4 d5 3. exd5 exd5 4. Bd3 Nf6 5. Bf4 c5 6. dxc5 Bxc5 7. Nf3 Qb6 8.
O-O O-O 9. Qc1 Nc6 10. c3 Bg4 11. Nbd2 a5 12. h3 Bh5 13. Qc2 Rac8 14. Bg5 Nb4
15. cxb4 Bxf2+ 16. Rxf2 Rxc2 17. Bxc2 Re8 18. Re1 Rxe1+ 19. Nxe1 Ne4 20. Nxe4
dxe4 21. Bxe4 Qxb4 22. Rc2 Qxe1+ 23. Kh2 f6 24. Bd5+ Kf8 25. Bf4 Qb4 26. Be3
Qd6+ 27. Kh1 Qxd5 28. Rd2 Qe4 29. Bc5+ Kf7 30. Rd7+ Kg6 31. Bf8 Qe1+ 32. Kh2
Qe8 33. Rxg7+ Kf5 34. g4+ Kf4 35. Bd6+ Kf3 36. gxh5 Qe2+ 37. Kh1 Qd1+ 38. Kh2
Qxd6+ 39. Kh1 Qd1+ 40. Kh2 Qc2+ 41. Kh1 Qc1+ 42. Rg1 Qxg1+ 43. Kxg1 Kg3 44. Kf1
Kxh3 45. Kf2 Kg4 46. Ke3 f5 47. Kd4 f4 48. Kc5 f3 49. Kb5 f2 50. Kxa5 f1=Q 51.
b4 Qa6# 0-1

[Event "100 Jahre Schvgg Blankenese - Open 2023"]
[Site "Lise-Meitner-Gymnasium (HH)"]
[Date "2023.10.01"]
[Round "4.26"]
[White "Topalov, Mihail"]
[Black "Alieksieiev, Oleksii"]
[Result "1-0"]
[WhiteElo "1853"]
[BlackElo "1637"]
[PlyCount "205"]
[EventDate "2023.09.30"]
[EventType "swiss"]
[EventRounds "7"]
[WhiteTeam "SK Johanneum Eppendorf"]
[BlackTeam "Hamburger SK von 1830 eV"]

1. e4 e5 2. Nf3 Nc6 3. Bb5 a6 4. Ba4 Nf6 5. d3 b5 6. Bb3 Be7 7. O-O O-O 8. Re1
d6 9. c3 Na5 10. Bc2 c5 11. Nbd2 Nc6 12. Nf1 Re8 13. a4 Bb7 14. Ng3 Bf8 15. Bg5
g6 16. Qd2 Bg7 17. h3 d5 18. Rad1 dxe4 19. Nxe4 Nxe4 20. dxe4 f6 21. Be3 Qe7
22. Qd5+ Kh8 23. Qxc5 Qe6 24. axb5 axb5 25. Qd5 Qe7 26. Qd7 Ra2 27. Bc1 Raa8
28. Bb3 b4 29. Qxe7 Rxe7 30. Bd5 bxc3 31. bxc3 Rc7 32. Bd2 Na5 33. Bxb7 Nxb7
34. Ra1 Rac8 35. Ra7 Nc5 36. Rxc7 Rxc7 37. c4 Bf8 38. Ba5 Rc8 39. Nd2 Bh6 40.
f3 Ra8 41. Bc3 Ra2 42. Rd1 Rc2 43. Nb1 Kg7 44. Kf1 Be3 45. Bd2 Bxd2 46. Nxd2
Nd3 47. Nb1 Nb2 48. Na3 Rc3 49. Rd7+ Kh6 50. Nb5 Rxc4 51. Nd6 Rc1+ 52. Kf2 Nd3+
53. Ke3 Nc5 54. Rf7 Rc3+ 55. Ke2 Rc2+ 56. Kf1 Rc1+ 57. Kf2 Nd3+ 58. Kg3 Nf4 59.
Ra7 g5 60. Ne8 Rc2 61. Kh2 Rxg2+ 62. Kh1 Rg3 63. Nxf6 Rxh3+ 64. Kg1 Kg6 65. Ng4
Rg3+ 66. Kf2 Rg2+ 67. Kf1 Rb2 68. Nxe5+ Kf6 69. Ng4+ Kg6 70. Ra6+ Kg7 71. Ra5
Ne6 72. Re5 Kf7 73. Rf5+ Kg7 74. Ne5 h5 75. Rf7+ Kg8 76. Re7 Nf4 77. Nf7 Nh3
78. Nh6+ Kh8 79. Rf7 Nf4 80. Rf5 Rb3 81. Nf7+ Kg7 82. Nxg5 Kg6 83. Kf2 h4 84.
Rxf4 Kxg5 85. Rf5+ Kg6 86. Kg2 Rb1 87. Rd5 Rc1 88. Kh3 Rh1+ 89. Kg4 h3 90. Rg5+
Kf6 91. Rh5 h2 92. Kg3 Rg1+ 93. Kxh2 Rg7 94. Kh3 Rg1 95. Kh4 Kg6 96. Rb5 Kf6
97. f4 Ke6 98. Rg5 Re1 99. e5 Rf1 100. Kg4 Rh1 101. Rg6+ Kf7 102. Kf5 Rf1 103.
Ra6 1-0

[Event "100 Jahre Schvgg Blankenese - Open 2023"]
[Site "Lise-Meitner-Gymnasium (HH)"]
[Date "2023.10.01"]
[Round "4.27"]
[White "Sermann, Thomas"]
[Black "Emami, Madjid"]
[Result "1-0"]
[WhiteElo "1200"]
[BlackElo "1852"]
[PlyCount "79"]
[EventDate "2023.09.30"]
[EventType "swiss"]
[EventRounds "7"]
[WhiteTeam "FC ST.Pauli 1910 eV SAbt"]
[BlackTeam "Hamburger SK von 1830 eV"]

1. d4 g6 2. Nc3 Bg7 3. e4 c6 4. Nf3 d6 5. Be3 Nf6 6. h3 b5 7. a3 Nbd7 8. Qd2
Qc7 9. Bh6 Bxh6 10. Qxh6 a6 11. Qe3 e5 12. dxe5 dxe5 13. Rd1 O-O 14. Be2 Re8
15. g4 Nf8 16. Nh2 Ne6 17. g5 Nf4 18. Bf3 N6h5 19. Ng4 Qe7 20. Nh6+ Kg7 21. h4
Be6 22. Rg1 Rad8 23. Bxh5 Nxh5 24. Ne2 Rxd1+ 25. Kxd1 Rd8+ 26. Kc1 Qd6 27. Nc3
Nf4 28. Rd1 Qe7 29. Rxd8 Qxd8 30. Qc5 Qc7 31. Nb1 Ne2+ 32. Kd1 Nd4 33. Nd2 f6
34. f4 a5 35. Ke1 a4 36. Kf2 Nxc2 37. Qxc2 Qb6+ 38. Ke2 exf4 39. Qc3 f3+ 40.
Kxf3 1-0

[Event "100 Jahre Schvgg Blankenese - Open 2023"]
[Site "Lise-Meitner-Gymnasium (HH)"]
[Date "2023.10.01"]
[Round "4.28"]
[White "Smith, Tobias"]
[Black "Zweig, Gregor"]
[Result "1/2-1/2"]
[WhiteElo "1696"]
[BlackElo "1192"]
[PlyCount "61"]
[EventDate "2023.09.30"]
[EventType "swiss"]
[EventRounds "7"]
[WhiteTeam "TSG Oberschöneweide e.V."]
[BlackTeam "SK Union Eimsbuettel eV"]

1. d4 d5 2. c4 c6 3. cxd5 cxd5 4. Nc3 Nf6 5. Bf4 e6 6. e3 a6 7. Bd3 Nc6 8. a3
Bd6 9. Bxd6 Qxd6 10. f4 Ne7 11. Nf3 Nf5 12. Qd2 Ng4 13. Nd1 Qe7 14. O-O Bd7 15.
Qe1 Rc8 16. h3 Nf6 17. Nc3 O-O 18. g4 Nd6 19. Qh4 g6 20. Ne5 Rfe8 21. g5 Nfe4
22. Bxe4 dxe4 23. Ng4 Nf5 24. Qf2 Rxc3 25. Nf6+ Qxf6 26. gxf6 Rxe3 27. Kh2 Bb5
28. Rfe1 Rf3 29. Qg2 Bd3 30. Rad1 Rc8 31. Rd2 1/2-1/2

[Event "100 Jahre Schvgg Blankenese - Open 2023"]
[Site "Lise-Meitner-Gymnasium (HH)"]
[Date "2023.10.01"]
[Round "4.29"]
[White "Müller, Marius"]
[Black "Pavlov, Dmitriy"]
[Result "1/2-1/2"]
[WhiteElo "1672"]
[BlackElo "1474"]
[PlyCount "52"]
[EventDate "2023.09.30"]
[EventType "swiss"]
[EventRounds "7"]
[WhiteTeam "Hamburger SK von 1830 eV"]
[BlackTeam "SV Eidelstedt"]

1. e4 e6 2. Nf3 d5 3. e5 c5 4. b4 cxb4 5. d4 Nc6 6. a3 Bd7 7. axb4 Bxb4+ 8. c3
Be7 9. Bd3 f6 10. Bf4 f5 11. h4 Nh6 12. Bxh6 gxh6 13. Qd2 Bf8 14. Na3 a6 15.
Nc2 Qe7 16. Ke2 Rd8 17. Rhb1 Bc8 18. Kf1 Qg7 19. Qf4 Rg8 20. g3 h5 21. Ng5 h6
22. Nh3 Qg4 23. Qxg4 hxg4 24. Nf4 Be7 25. Rb6 Kf7 26. Ke1 Rdf8 1/2-1/2

[Event "100 Jahre Schvgg Blankenese - Open 2023"]
[Site "Lise-Meitner-Gymnasium (HH)"]
[Date "2023.10.01"]
[Round "4.30"]
[White "Braren, Ove Neelis"]
[Black "Haertel, Leon"]
[Result "0-1"]
[WhiteElo "1365"]
[BlackElo "1664"]
[PlyCount "72"]
[EventDate "2023.09.30"]
[EventType "swiss"]
[EventRounds "7"]
[WhiteTeam "Königsspr. SC.1984 e.V."]
[BlackTeam "Hamburger SK von 1830 eV"]

1. e4 c5 2. Nf3 Nc6 3. d4 cxd4 4. Nxd4 g6 5. c4 Bg7 6. Be3 Qb6 7. Nb3 Qd8 8.
Nc3 Bxc3+ 9. bxc3 Nf6 10. Bd3 O-O 11. O-O d6 12. h3 b6 13. Bd4 Qc7 14. Bxf6
exf6 15. f4 Ba6 16. Re1 Nb8 17. Qe2 Nd7 18. Rad1 Nc5 19. Nd2 Nxd3 20. Qxd3 Rac8
21. Nb3 Bxc4 22. Qxd6 Qxd6 23. Rxd6 Bxb3 24. axb3 Rxc3 25. Rd7 Rxb3 26. Rxa7
Rb2 27. Ra3 Rd8 28. e5 fxe5 29. fxe5 Rdd2 30. Rg3 b5 31. Rc1 Re2 32. Rc5 h5 33.
Rd5 Re1+ 34. Kh2 Rbb1 35. Rgd3 h4 36. g4 Re2# 0-1

[Event "100 Jahre Schvgg Blankenese - Open 2023"]
[Site "Lise-Meitner-Gymnasium (HH)"]
[Date "2023.10.01"]
[Round "4.31"]
[White "Wolff, Ole"]
[Black "Kraft, Gerhard"]
[Result "1/2-1/2"]
[WhiteElo "1375"]
[BlackElo "1635"]
[PlyCount "80"]
[EventDate "2023.09.30"]
[EventType "swiss"]
[EventRounds "7"]
[WhiteTeam "SchVgg Blankenese von 1923 e.V."]
[BlackTeam "SchVgg Blankenese von 1923 e.V."]

1. Nf3 Nf6 2. g3 e6 3. Bg2 d5 4. d4 c5 5. O-O Nc6 6. c4 dxc4 7. dxc5 Qxd1 8.
Rxd1 Bxc5 9. Nbd2 O-O 10. Nxc4 Ne4 11. Be3 Bxe3 12. Nxe3 f5 13. Nd4 Rd8 14.
Nxc6 Rxd1+ 15. Rxd1 bxc6 16. Bxe4 fxe4 17. Rd6 Kf8 18. Rxc6 Rb8 19. Nc4 Bd7 20.
Rc7 Bb5 21. b3 Rd8 22. Rxa7 Rc8 23. a4 Bxc4 24. bxc4 Rxc4 25. a5 Rc1+ 26. Kg2
Rc2 27. e3 Ra2 28. a6 Ra5 29. g4 h5 30. h3 h4 31. Kf1 Ra2 32. g5 Ra1+ 33. Kg2
Ra5 34. Ra8+ Kf7 35. Rh8 Rxg5+ 36. Kh2 Ra5 37. Rxh4 Rxa6 38. Rxe4 Kf6 39. Kg3
g5 40. Rc4 Ra1 1/2-1/2

[Event "100 Jahre Schvgg Blankenese - Open 2023"]
[Site "Lise-Meitner-Gymnasium (HH)"]
[Date "2023.10.01"]
[Round "4.32"]
[White "Reinecke, Gerd"]
[Black "Fellberg, Justus"]
[Result "0-1"]
[WhiteElo "1322"]
[BlackElo "1628"]
[PlyCount "64"]
[EventDate "2023.09.30"]
[EventType "swiss"]
[EventRounds "7"]
[WhiteTeam "SchVgg Blankenese von 1923 e.V."]
[BlackTeam "SK Wilhelmsburg 1936 eV"]

1. e4 Nc6 2. d4 d5 3. e5 Bf5 4. Bb5 e6 5. Ne2 f6 6. Be3 a6 7. Bxc6+ bxc6 8. Nd2
fxe5 9. dxe5 c5 10. c3 g6 11. O-O Nh6 12. Nb3 c4 13. Nbd4 c5 14. Nf3 Ng4 15.
Bf4 Bh6 16. Bg3 Bg7 17. h3 Nh6 18. Re1 O-O 19. b3 cxb3 20. axb3 Qc8 21. Bh4
Bxh3 22. gxh3 Rxf3 23. Kg2 Qf8 24. c4 Bxe5 25. cxd5 Bxa1 26. Ng1 Rf4 27. dxe6
Rxh4 28. e7 Qf7 29. Qd8+ Qe8 30. Qxa8 Qxa8+ 31. Nf3 Re4 32. Rd1 Rxe7 0-1

[Event "100 Jahre Schvgg Blankenese - Open 2023"]
[Site "Lise-Meitner-Gymnasium (HH)"]
[Date "2023.10.01"]
[Round "4.33"]
[White "von Flottwell, Nils"]
[Black "Kühn, Lukas"]
[Result "0-1"]
[WhiteElo "1014"]
[BlackElo "1582"]
[PlyCount "144"]
[EventDate "2023.09.30"]
[EventType "swiss"]
[EventRounds "7"]
[WhiteTeam "SK Wilhelmsburg 1936 eV"]
[BlackTeam "FC ST.Pauli 1910 eV SAbt"]

1. e4 c5 2. d4 cxd4 3. c3 dxc3 4. Nxc3 Nc6 5. Bc4 e6 6. Nf3 Nge7 7. Nb5 Ng6 8.
Nd6+ Bxd6 9. Qxd6 Qe7 10. Bf4 Nxf4 11. Qxf4 Qb4+ 12. Nd2 Qxb2 13. O-O O-O 14.
Rfb1 Qe5 15. Qh4 Nd4 16. f4 Qc5 17. Qf2 b6 18. Rc1 Nc6 19. e5 Qxf2+ 20. Kxf2
Bb7 21. Ne4 Ne7 22. Nd6 Bc6 23. Ba6 Nf5 24. Bb5 Nxd6 25. Bxc6 dxc6 26. exd6 c5
27. Rd1 Rfd8 28. d7 Kf8 29. Rd2 Ke7 30. Rad1 Rab8 31. f5 Rb7 32. fxe6 fxe6 33.
Re1 Rbxd7 34. Rde2 Rd2 35. Kf1 Rf8+ 36. Kg1 Rxe2 37. Rxe2 Rf5 38. Re3 Rd5 39.
Ra3 a5 40. Rb3 Rd6 41. Kf2 c4 42. Rc3 b5 43. a4 b4 44. Rxc4 b3 45. Rc7+ Rd7 46.
Rc1 Rd4 47. Rb1 Rb4 48. Ke3 Rxa4 49. Rxb3 Ra2 50. Rb7+ Kf6 51. Ra7 Rxg2 52.
Rxa5 Rxh2 53. Kf3 g5 54. Kg3 Rb2 55. Ra3 Rb4 56. Ra8 Rb3+ 57. Kg4 Rb4+ 58. Kf3
h6 59. Rh8 Kg6 60. Re8 Rf4+ 61. Ke3 Kf5 62. Rf8+ Kg4 63. Re8 Rf1 64. Ke2 Rf6
65. Ra8 h5 66. Ra4+ Rf4 67. Ra3 h4 68. Re3 h3 69. Rxe6 h2 70. Rh6 Kg3 71. Rh5
g4 72. Ke3 Rf1 0-1

[Event "100 Jahre Schvgg Blankenese - Open 2023"]
[Site "Lise-Meitner-Gymnasium (HH)"]
[Date "2023.10.01"]
[Round "4.34"]
[White "Krüger, Dietrich"]
[Black "Mi, Gufeng"]
[Result "0-1"]
[WhiteElo "978"]
[BlackElo "1544"]
[PlyCount "72"]
[EventDate "2023.09.30"]
[EventType "swiss"]
[EventRounds "7"]
[WhiteTeam "Barmbeker SK 1926 eV"]
[BlackTeam "Niendorfer TSV 1919 SAbt"]

1. d4 d6 2. Bf4 g6 3. e3 Nf6 4. Bc4 Bg7 5. h3 O-O 6. Nf3 c6 7. O-O b5 8. Bd3 a5
9. Nbd2 Nbd7 10. e4 Ne8 11. e5 dxe5 12. dxe5 Nb6 13. c4 Qxd3 14. cxb5 cxb5 15.
Be3 Nc4 16. Bc5 Be6 17. Bxe7 Nxe5 18. Re1 Nxf3+ 19. gxf3 Qf5 20. Bxf8 Bxf8 21.
Rc1 Rd8 22. Qc2 Qxh3 23. Re3 Bh6 24. f4 Qg4+ 25. Rg3 Qxf4 26. Rd3 Bf5 27. Rf3
Qxd2 28. Qxd2 Rxd2 29. Re1 Nd6 30. Rc3 Bg7 31. Ra3 a4 32. b3 Bb2 33. Rxa4 bxa4
34. bxa4 Ne4 35. Re3 Bd4 36. Rf3 Nxf2 0-1

[Event "100 Jahre Schvgg Blankenese - Open 2023"]
[Site "Lise-Meitner-Gymnasium (HH)"]
[Date "2023.10.01"]
[Round "4.35"]
[White "Reich, Kristina"]
[Black "Frackowiak, Stanislaw"]
[Result "1/2-1/2"]
[WhiteElo "1529"]
[BlackElo "1441"]
[PlyCount "102"]
[EventDate "2023.09.30"]
[EventType "swiss"]
[EventRounds "7"]
[WhiteTeam "Hamburger SK von 1830 eV"]
[BlackTeam "Hamburger SK von 1830 eV"]

1. d4 Nf6 2. Nf3 e6 3. g3 d5 4. Bg2 Bd7 5. O-O Be7 6. c4 c6 7. Qc2 O-O 8. Nbd2
Qc8 9. e4 Na6 10. a3 c5 11. e5 Ne8 12. Rd1 f6 13. Nf1 cxd4 14. Rxd4 Bc6 15. Ne3
Bc5 16. Rh4 f5 17. b4 Be7 18. Rd4 dxc4 19. Rxc4 Qb8 20. Bb2 Nac7 21. Rc1 Nd5
22. Nxd5 exd5 23. Rd4 g6 24. Qd2 Ng7 25. Ng5 Bxg5 26. Qxg5 Ne6 27. Qd2 Nxd4 28.
Qxd4 Kf7 29. Bxd5+ Bxd5 30. Qxd5+ Ke7 31. Qc5+ Ke6 32. Rd1 Rd8 33. Qc4+ Ke7 34.
Qc5+ Ke6 35. Qc4+ Ke7 36. Re1 Qc8 37. Qh4+ Ke8 38. Qxh7 Qe6 39. Qh8+ Ke7 40.
Qh4+ Kf7 41. Qh7+ Ke8 42. Qh8+ Ke7 43. Qf6+ Qxf6 44. exf6+ Kf8 45. Re7 Rd1+ 46.
Kg2 Rad8 47. Rh7 R8d7 48. Rh8+ Kf7 49. Rh7+ Kg8 50. Rh8+ Kf7 51. Rh7+ Kg8
1/2-1/2

[Event "100 Jahre Schvgg Blankenese - Open 2023"]
[Site "Lise-Meitner-Gymnasium (HH)"]
[Date "2023.10.01"]
[Round "4.36"]
[White "Bächler, Andreas"]
[Black "Karlinder, Lovis Neo"]
[Result "1/2-1/2"]
[WhiteElo "1552"]
[BlackElo "1269"]
[PlyCount "97"]
[EventDate "2023.09.30"]
[EventType "swiss"]
[EventRounds "7"]
[WhiteTeam "SC Turm Lüneburg e.V."]
[BlackTeam "Schleswiger SV von 1919"]

1. e4 c6 2. d4 d5 3. f3 dxe4 4. fxe4 e5 5. Nf3 Bg4 6. Bc4 Nd7 7. c3 Ngf6 8. Bg5
Bd6 9. Nbd2 O-O 10. O-O Qc7 11. Qc2 b5 12. Bb3 Rfe8 13. Rae1 c5 14. a3 cxd4 15.
cxd4 exd4 16. Qxc7 Bxc7 17. Bxf6 Nxf6 18. Ng5 Be6 19. Nxe6 fxe6 20. Nf3 h6 21.
Kh1 Rad8 22. e5 Nh7 23. Rd1 Bb6 24. h4 Nf8 25. h5 Kh8 26. g4 Re7 27. Nh4 Kg8
28. Rxf8+ Rxf8 29. Ng6 Rfe8 30. Nxe7+ Rxe7 31. Rf1 d3 32. Rd1 Bc7 33. Rxd3 Bxe5
34. Re3 Bxb2 35. Rxe6 Rxe6 36. Bxe6+ Kf8 37. Bd7 Bxa3 38. Bxb5 a5 39. Kg2 Ke7
40. Kf3 Ke6 41. Ke4 Kf6 42. Ba4 Ke6 43. Bb3+ Kd6 44. Kd4 Bb2+ 45. Kc4 Ke5 46.
Ba4 Kf4 47. Bd7 a4 48. Kb4 a3 49. Kb3 1/2-1/2

[Event "100 Jahre Schvgg Blankenese - Open 2023"]
[Site "Lise-Meitner-Gymnasium (HH)"]
[Date "2023.10.01"]
[Round "4.37"]
[White "Bürgener, Richard"]
[Black "Zakharchuk, Luka"]
[Result "1-0"]
[WhiteElo "1490"]
[BlackElo "1200"]
[PlyCount "45"]
[EventDate "2023.09.30"]
[EventType "swiss"]
[EventRounds "7"]
[WhiteTeam "SV Bad Bevensen"]

1. e4 d5 2. exd5 Qxd5 3. Nc3 Qa5 4. d4 c6 5. Bd2 Nf6 6. Bd3 Bf5 7. Bxf5 Qxf5 8.
Nf3 Ne4 9. O-O Nxd2 10. Qxd2 e6 11. Rfe1 Bd6 12. Ne4 Bf4 13. Qb4 Na6 14. Qxb7
Nc7 15. g3 Qg4 16. Qxc6+ Kd8 17. Ne5 Bxe5 18. dxe5 f5 19. Rad1+ Kc8 20. Nd6+
Kd8 21. Nxf5+ Kc8 22. Rd7 Qxf5 23. Qxc7# 1-0

[Event "100 Jahre Schvgg Blankenese - Open 2023"]
[Site "Lise-Meitner-Gymnasium (HH)"]
[Date "2023.10.01"]
[Round "4.38"]
[White "Zakharchuk, Nazar"]
[Black "Klaeke, Gregor"]
[Result "0-1"]
[WhiteElo "1200"]
[BlackElo "1482"]
[PlyCount "50"]
[EventDate "2023.09.30"]
[EventType "swiss"]
[EventRounds "7"]
[BlackTeam "Niendorfer TSV 1919 SAbt"]

1. e4 e5 2. Nc3 Bc5 3. Nf3 Nc6 4. Rb1 Nge7 5. Na4 Bb6 6. Nxb6 axb6 7. a3 d5 8.
Bd3 Bg4 9. c3 f5 10. Be2 dxe4 11. Ng5 Bxe2 12. Qxe2 Ng6 13. d3 exd3 14. Qf3 Qd7
15. O-O e4 16. Re1 O-O-O 17. Qd1 h6 18. b4 hxg5 19. Bxg5 Rde8 20. b5 Na5 21. c4
Nxc4 22. Qa4 Na5 23. Bd2 Qd6 24. Qxa5 Qxh2+ 25. Kf1 Qh1# 0-1

[Event "100 Jahre Schvgg Blankenese - Open 2023"]
[Site "Lise-Meitner-Gymnasium (HH)"]
[Date "2023.10.01"]
[Round "4.39"]
[White "Lorenz, Felix"]
[Black "Borgert, Alexander"]
[Result "0-1"]
[WhiteElo "1225"]
[BlackElo "1675"]
[PlyCount "62"]
[EventDate "2023.09.30"]
[EventType "swiss"]
[EventRounds "7"]
[WhiteTeam "Elmshorner SC von 1896"]
[BlackTeam "Hamburger SK von 1830 eV"]

1. e4 c5 2. d4 cxd4 3. c3 dxc3 4. Nxc3 Nc6 5. Nf3 g6 6. Bc4 Bg7 7. e5 Bxe5 8.
Bxf7+ Kxf7 9. Nxe5+ Nxe5 10. Qd5+ e6 11. Qxe5 Qf6 12. Qg3 Qf5 13. O-O Nf6 14.
Nb5 Qxb5 15. b3 Qf5 16. Bb2 Rf8 17. Rfe1 Kg8 18. Rac1 Ne4 19. Rxe4 Qxe4 20. Qc3
e5 21. Re1 Qf4 22. Qc5 d6 23. Qd5+ Qf7 24. Qd2 Be6 25. Re3 Rac8 26. Rf3 Qc7 27.
Rc3 Qb6 28. Rd3 Rc6 29. Ba3 Rfc8 30. h3 Rc2 31. Qe1 R8c6 0-1

[Event "100 Jahre Schvgg Blankenese - Open 2023"]
[Site "Lise-Meitner-Gymnasium (HH)"]
[Date "2023.10.01"]
[Round "4.40"]
[White "Schacht, David"]
[Black "Remizov, Kyryl"]
[Result "1-0"]
[WhiteElo "1665"]
[BlackElo "1312"]
[PlyCount "149"]
[EventDate "2023.09.30"]
[EventType "swiss"]
[EventRounds "7"]
[WhiteTeam "SchVgg Blankenese von 1923 e.V."]
[BlackTeam "Stader SV"]

1. b3 d5 2. e3 Bf5 3. Bb2 e6 4. d3 Bb4+ 5. Nd2 Nf6 6. Ngf3 Nc6 7. Be2 Qe7 8.
Nh4 Bg6 9. c3 Ba3 10. Nxg6 hxg6 11. Bxa3 Qxa3 12. Qc2 Qd6 13. h3 Ne5 14. d4
Ned7 15. c4 c6 16. c5 Qc7 17. a4 e5 18. a5 a6 19. b4 exd4 20. exd4 Qf4 21. Qd3
O-O-O 22. Qe3 Qxe3 23. fxe3 Rde8 24. Kf2 Rh4 25. Bd3 Re7 26. Rae1 Ne8 27. g3
Rh6 28. h4 Ndf6 29. e4 dxe4 30. Nxe4 Rd7 31. Ng5 Nc7 32. Ne4 Nxe4+ 33. Rxe4 f5
34. Rf4 Nd5 35. Rf3 Nxb4 36. Rd1 Rh8 37. Re3 Nd5 38. Re6 Nf6 39. Bxa6 Ne4+ 40.
Kg2 Nxc5 41. Rxc6+ Kb8 42. Rxc5 bxa6 43. Kf3 Rhd8 44. Ke3 Re8+ 45. Kd3 Re4 46.
Kc4 Rg4 47. Rd3 Kb7 48. Rd5 Rc7+ 49. Kb4 Re4 50. Rd6 Rg4 51. Kb3 g5 52. Rg6
gxh4 53. Rxg4 fxg4 54. gxh4 Rf7 55. Kc4 Kc6 56. Rb3 Rb7 57. Rg3 Rb5 58. Rxg4
Rxa5 59. Rg6+ Kd7 60. Rxg7+ Ke6 61. Rg6+ Ke7 62. d5 Ra4+ 63. Kc5 Rxh4 64. Rxa6
Rh8 65. Ra7+ Kf6 66. d6 Re8 67. d7 Rd8 68. Kd6 Kf7 69. Ra1 Rh8 70. Rf1+ Kg7 71.
Kc7 Rh6 72. d8=Q Re6 73. Qd4+ Kh7 74. Rg1 Re7+ 75. Kd6 1-0

[Event "100 Jahre Schvgg Blankenese - Open 2023"]
[Site "Lise-Meitner-Gymnasium (HH)"]
[Date "2023.10.01"]
[Round "4.41"]
[White "Kraft, Cynthia Yumi"]
[Black "Altun, Mohamed"]
[Result "1-0"]
[WhiteElo "1588"]
[BlackElo "1243"]
[PlyCount "115"]
[EventDate "2023.09.30"]
[EventType "swiss"]
[EventRounds "7"]
[WhiteTeam "Hamburger SK von 1830 eV"]
[BlackTeam "Findorffer Sfr"]

1. d4 e6 2. c4 Nf6 3. Nc3 Bb4 4. f3 d5 5. a3 Bxc3+ 6. bxc3 O-O 7. cxd5 exd5 8.
e3 Bf5 9. g4 Bg6 10. h4 h5 11. gxh5 Bxh5 12. Bd3 c5 13. Nh3 Qa5 14. Bd2 Ne4 15.
O-O c4 16. Bxe4 dxe4 17. Qc2 Bxf3 18. Ng5 Qf5 19. Rxf3 Qg4+ 20. Kf1 f6 21. Qxe4
Qxe4 22. Nxe4 Nc6 23. Nd6 Rfd8 24. Nxc4 b5 25. Nb2 Ne5 26. Rg3 Nc4 27. Nxc4
bxc4 28. Rb1 Rab8 29. Rb4 Rdc8 30. Bc1 Kf7 31. Rg2 Rxb4 32. axb4 Ra8 33. Ra2
Ke6 34. Ra5 Rh8 35. h5 g6 36. e4 gxh5 37. Ra6+ Kf7 38. Rxa7+ Kg6 39. Ra5 h4 40.
Kg2 Re8 41. e5 f5 42. Kh3 Kh5 43. Bf4 Rg8 44. Ra7 Rg1 45. Rh7+ Kg6 46. Rh6+ Kf7
47. Rxh4 Rh1+ 48. Kg3 Rg1+ 49. Kf2 Rb1 50. Rh7+ Ke6 51. Rh6+ Ke7 52. d5 Rb3 53.
Bd2 f4 54. d6+ Kd7 55. Kf3 Rb1 56. Kxf4 Rf1+ 57. Ke4 Rf8 58. Kd5 1-0

[Event "100 Jahre Schvgg Blankenese - Open 2023"]
[Site "Lise-Meitner-Gymnasium (HH)"]
[Date "2023.10.01"]
[Round "4.42"]
[White "Baumann, Simon"]
[Black "Lohmann, Rene"]
[Result "1/2-1/2"]
[WhiteElo "1379"]
[BlackElo "1496"]
[PlyCount "128"]
[EventDate "2023.09.30"]
[EventType "swiss"]
[EventRounds "7"]
[WhiteTeam "HSK Lister Turm"]
[BlackTeam "SK Wilhelmsburg 1936 eV"]

1. e4 e5 2. Nf3 Nc6 3. Bc4 Nf6 4. d3 Bc5 5. Nc3 h6 6. Be3 Bb6 7. Qd2 d6 8. h3
Qe7 9. Nd5 Nxd5 10. Bxd5 Bd7 11. c3 f5 12. exf5 Bxf5 13. Bxc6+ bxc6 14. g4 Bg6
15. O-O-O O-O-O 16. Rhe1 Rhf8 17. Qe2 Bf7 18. Bxb6 cxb6 19. d4 Bd5 20. Nd2 Qg5
21. Kb1 exd4 22. cxd4 Qg6+ 23. Ka1 Qf6 24. Ne4 Bxe4 25. Qxe4 d5 26. Qe6+ Qxe6
27. Rxe6 Kd7 28. Rg6 Rxf2 29. Rxg7+ Kc8 30. Rxa7 Kb8 31. Rh7 Rdf8 32. a3 Rf1
33. Rxf1 Rxf1+ 34. Ka2 Rf6 35. a4 Kc8 36. b3 c5 37. dxc5 bxc5 38. a5 d4 39. Re7
Kd8 40. Re5 Rc6 41. g5 hxg5 42. Rxg5 Kc7 43. Rg7+ Kd8 44. Rg5 Ke7 45. Kb2 Kf6
46. h4 c4 47. bxc4 Rxc4 48. Kb3 Rc3+ 49. Kb2 Rh3 50. a6 Rxh4 51. Rb5 Rh8 52.
Kc2 Ra8 53. Rh5 Ke6 54. Kd3 Kd6 55. Kc4 d3 56. Rh6+ Ke5 57. Kxd3 Kd5 58. Kc3
Kc5 59. Rh5+ Kb6 60. Rh6+ Ka5 61. Kc4 Rxa6 62. Rh5+ Kb6 63. Rh6+ Kb7 64. Rxa6
Kxa6 1/2-1/2

[Event "100 Jahre Schvgg Blankenese - Open 2023"]
[Site "Lise-Meitner-Gymnasium (HH)"]
[Date "2023.10.01"]
[Round "4.43"]
[White "Arps, Mats"]
[Black "Moskalenko, Michael"]
[Result "0-1"]
[WhiteElo "1128"]
[BlackElo "1353"]
[PlyCount "68"]
[EventDate "2023.09.30"]
[EventType "swiss"]
[EventRounds "7"]
[WhiteTeam "SK Wilhelmsburg 1936 eV"]
[BlackTeam "Elmshorner SC von 1896"]

1. d4 d5 2. c4 e6 3. Nf3 c5 4. Bf4 Nf6 5. Nc3 Nc6 6. e3 cxd4 7. Nxd4 Nxd4 8.
Qxd4 Bb4 9. Rd1 Qa5 10. a3 Be7 11. Bd3 O-O 12. O-O Rd8 13. h3 b6 14. Bh2 dxc4
15. Qxc4 Bb7 16. Qc7 Rd7 17. Bxh7+ Kxh7 18. Rxd7 Nxd7 19. Qxd7 Ba6 20. Qxe7
Bxf1 21. Kxf1 Kg8 22. Qb7 Rd8 23. Ke2 Qh5+ 24. f3 Qg6 25. Kf2 Rd2+ 26. Ne2 Qf6
27. Qb8+ Kh7 28. Be5 Qh4+ 29. Bg3 Qc4 30. Bf4 Qxe2+ 31. Kg3 Qxg2+ 32. Kh4 Rd5
33. e4 Rh5+ 34. Kxh5 Qxh3+ 0-1

[Event "100 Jahre Schvgg Blankenese - Open 2023"]
[Site "Lise-Meitner-Gymnasium (HH)"]
[Date "2023.10.01"]
[Round "4.44"]
[White "von Flottwell, Lionel"]
[Black "Wang, Kaichen"]
[Result "1-0"]
[WhiteElo "1265"]
[BlackElo "1072"]
[PlyCount "89"]
[EventDate "2023.09.30"]
[EventType "swiss"]
[EventRounds "7"]
[WhiteTeam "SK Wilhelmsburg 1936 eV"]
[BlackTeam "SchVgg Blankenese von 1923 e.V."]

1. e4 c6 2. Nf3 d5 3. Nc3 dxe4 4. Nxe4 Bf5 5. Ng3 Bg6 6. h4 h6 7. Ne5 Bh7 8.
Qh5 Qd5 9. Bc4 g6 10. Qg4 Qxe5+ 11. Ne2 Qc7 12. Qf3 Nf6 13. b3 Bg7 14. g4 Nbd7
15. Bb2 Ne5 16. Qg3 Nfxg4 17. f4 Qd6 18. fxe5 Nxe5 19. Qf4 Bf6 20. Rh3 Nxc4 21.
Bxf6 Qxf6 22. Qxf6 exf6 23. bxc4 O-O-O 24. Rb1 g5 25. hxg5 fxg5 26. d3 Bg6 27.
a4 h5 28. Kd2 Rde8 29. Rb2 Rhf8 30. a5 Bf5 31. Rxh5 Bg4 32. Rh2 f5 33. Nd4 Rf7
34. Ra2 a6 35. Rb2 Kc7 36. Rh1 Ree7 37. Rh6 Rg7 38. Ne6+ Kd7 39. Nxg7 Rxg7 40.
Rxb7+ Ke8 41. Rxg7 Kf8 42. Ra7 Kg8 43. Rd6 Bh5 44. Rd8+ Be8 45. Rxe8# 1-0

[Event "100 Jahre Schvgg Blankenese - Open 2023"]
[Site "Lise-Meitner-Gymnasium (HH)"]
[Date "2023.10.01"]
[Round "4.45"]
[White "Khattar, Ranvir Singh"]
[Black "Englert, Barbara"]
[Result "1-0"]
[WhiteElo "1211"]
[BlackElo "1002"]
[PlyCount "67"]
[EventDate "2023.09.30"]
[EventType "swiss"]
[EventRounds "7"]
[WhiteTeam "SK Wilhelmsburg 1936 eV"]
[BlackTeam "Niendorfer TSV 1919 SAbt"]

1. e4 c5 2. Nf3 d6 3. Nc3 Nf6 4. d4 cxd4 5. Nxd4 e5 6. Nf3 Nc6 7. Bb5 a6 8. Bc4
b5 9. Bb3 Be7 10. h3 O-O 11. a3 Bb7 12. O-O Qc7 13. Re1 h6 14. Nd5 Nxd5 15.
Bxd5 a5 16. b3 Bf6 17. Bb2 Rab8 18. Qd3 Nd4 19. Nxd4 Ba6 20. Nf3 Rfc8 21. Rac1
Qb6 22. b4 a4 23. Red1 g5 24. Ba2 h5 25. Qxd6 g4 26. hxg4 hxg4 27. Qxb6 Rxb6
28. Nxe5 Bg5 29. Rb1 Rxc2 30. Bxf7+ Kf8 31. Nd7+ Kxf7 32. Nxb6 g3 33. Rf1 Bh4
34. fxg3+ 1-0